000 00610nam a2200241Ia 4500
003 OSt
005 20220923211708.0
006 a|||||r|||| 00| 0
007 ta
008 220922b |||||||| |||| 00| 0 pan d
024 _a43,052
037 _cTextual
040 _aARTS
_cARTS
_bpan
041 _2pan
_apan
082 _aO153,3:g, J4
110 _aSahit Samachar
_9161317
245 0 _aਕਹਾਣੀ ਅੰਕ
260 _c1954
650 _aਪੰਜਾਬੀ ਸਾਹਿਤ
700 _aSahit Samachar
_9161318
942 _hO153,3:g, J4
_cTEXL
_2CC
999 _c302676
_d302676